Linking India and Eastern Neighbours: (Record no. 183181)

MARC details
000 -LEADER
fixed length control field 00677 a2200181 4500
005 - DATE AND TIME OF LATEST TRANSACTION
control field 20211220111351.0
010 ## - LCCN (DPL NO)
LC control number ENG-130411
020 ## - INTERNATIONAL STANDARD BOOK NUMBER
International Standard Book Number 978-93-91370-72-5
Terms of availability 1495.00
035 ## - SYSTEM CONTROL NUMBER
System control number EN-113943
037 ## - SOURCE OF ACQUISITION
Source of stock number/acquisition DBAD/PUB
082 ## - DEWEY DECIMAL CLASSIFICATION NUMBER
Classification number 327.5054
Item number 1
245 ## - TITLE STATEMENT
Title Linking India and Eastern Neighbours:
Statement of responsibility, etc Edited by H. Srikanth, Munmun Majumdar
Remainder of title Development in the Nnortheast and Borderlands
260 ## - PUBLICATION, DISTRIBUTION, ETC. (IMPRINT)
Place of publication, distribution, etc New Delhi
Name of publisher, distributor, etc Sage Publications India Pvt. Ltd
Date of publication, distribution, etc 2021
270 ## - ADDRESS
Address B-I/I-I Mohan Cooperative, Industrial Area, Mathura Road,
City New Delhi
Postal code 110040
300 ## - PHYSICAL DESCRIPTION
Extent 310p.
Dimensions 22cm (hbk)
700 ## - ADDED ENTRY--PERSONAL NAME
Personal name Edited By Munmun Majumdar
942 ## - ADDED ENTRY ELEMENTS (KOHA)
Institution code [OBSOLETE] dpl
Item type English Books
Source of classification or shelving scheme Dewey Decimal Classification
Classification part 327.5054
Call number suffix LIN
Holdings
Withdrawn status Lost status Not for loan Collection code Home library Current library Date acquired Source of acquisition Cost, normal purchase price Full call number Barcode Copy number Cost, replacement price Koha item type
      Non-fiction Mobile Library Mobile Library 20/12/2021 DBAD/PUB 1495.00 327.5054 LIN EN-113943 1 1495.00 English Books

© Delhi Public Library
Hit Counter
free hit counter